000 002510000a22000970004500
100 1 _aHadley, Judith M.
245 1 0 _aThe khirbet el-Qom inscription
300 _aVol. 37, Num 1 (Enero, 1987), Páginas 50-62
773 0 _tVetus Testamentum
942 _cANA
999 _c57279
_d57279